Impactos do ciclone-bomba na bananicultura do Norte Catarinense (Registro n. 333322)
[ somente texto ]
| 000 -LÍDER | |
|---|---|
| fixed length control field | 01004nab a2200277 i 4500 |
| 003 - CÓDIGO MARC DA AGÊNCIA CATALOGADORA | |
| Campo de controle | BR-BrBNA |
| 005 - DATA E HORA DA ÚLTIMA ATUALIZAÇÃO | |
| Campo de controle | 20250715094920.0 |
| 008 - CAMPO DE TAMANHO FIXO | |
| fixed length control field | 250715b2021 bl.tr|poo|||| 00| 0 por | |
| 040 ## - FONTE DA CATALOGAÇÃO | |
| Agência catalogadora | BR-BrBNA |
| Idioma da catalogação | por |
| 072 ## - CATEGORIA AGRIS | |
| Código AGRIS | H50 |
| Código do objeto | 1112 |
| 072 ## - CATEGORIA AGRIS | |
| Código AGRIS | F40 |
| 100 ## - ENTRADA PRINCIPAL - NOME PESSOAL | |
| Nome pessoal | Negreiros, Ricardo José Zimmermann De |
| 100 ## - ENTRADA PRINCIPAL - NOME PESSOAL | |
| Nome pessoal | Salvador, Bruno Krauss |
| 245 ## - TÍTULO PRINCIPAL | |
| Título principal | Impactos do ciclone-bomba na bananicultura do Norte Catarinense |
| 500 ## - NOTA GERAL | |
| Nota geral | <br/><br/>Publicação online; 9 ref.; 4 illus.; |
| 942 ## - ADDED ENTRY ELEMENTS (KOHA) | |
| Koha item type | Analítica |
| 650 ## - ASSUNTO - THESAGRO | |
| Cabeçalho tópico ou nome geográfico | BANANA |
| 650 ## - ASSUNTO - THESAGRO | |
| Cabeçalho tópico ou nome geográfico | CONDIÇÃO AMBIENTAL |
| 650 ## - ASSUNTO - THESAGRO | |
| Cabeçalho tópico ou nome geográfico | CICLONE |
| 650 ## - ASSUNTO - THESAGRO | |
| Cabeçalho tópico ou nome geográfico | DANO |
| 650 ## - ASSUNTO - THESAGRO | |
| Cabeçalho tópico ou nome geográfico | PERDA DA PRODUÇÃO |
| 650 ## - ASSUNTO - THESAGRO | |
| Cabeçalho tópico ou nome geográfico | SANTA CATARINA |
| 773 0# - ENTRADA ANALÍTICA | |
| Host Biblionumber | 1813 |
| Registro do item | 317205 |
| Imprenta | Florianópolis-SC Empresa de Pesquisa Agropecuária e Extensão Rural de Santa Catarina 1988- |
| Outro identificador | 2024-3829 |
| Título | Agropecuária Catarinense (Brazil) |
| ISSN | 0103-0779 |
| Colação | v. 34(3) p. 12-15; (2021) |
| Número de controle de registro | BR2025003990 |
| 856 ## - ACESSO E ENDEREÇO ELETRÔNICO | |
| Identificador uniforme de recurso - URI | https://publicacoes.epagri.sc.gov.br/rac/article/view/1227/1208 |
Nenhum exemplar disponível.

BINAGRI